00423pab a2200145 454500008004000000100002600040245007300066260000900139300001600148362001100164650003300175650002000208700001500228773003400243180718b2006 xxu||||| |||| 00| 0 eng d aDevarajan, Shantayana aEconomic growth in South Asia: promising, unequalising, sustainable? c2006 ap.3573-580. a19 Aug aEconomic growth - South Asia aEconomic growth aNabi, Ijaz aEconomic and Political Weekly